<?xml version="1.0" encoding="UTF-8"?>
<record
    xmlns:xsi="http://www.w3.org/2001/XMLSchema-instance"
    xsi:schemaLocation="http://www.loc.gov/MARC21/slim http://www.loc.gov/standards/marcxml/schema/MARC21slim.xsd"
    xmlns="http://www.loc.gov/MARC21/slim">

  <leader>00897nam a2200253 a 4500</leader>
  <controlfield tag="001">79</controlfield>
  <controlfield tag="005">20221127085840.0</controlfield>
  <controlfield tag="008">050920s       lxxua      |   00100|eng d</controlfield>
  <datafield tag="020" ind1=" " ind2=" ">
    <subfield code="a">0072492562(hpc) :</subfield>
    <subfield code="c">SR136.00</subfield>
  </datafield>
  <datafield tag="035" ind1=" " ind2=" ">
    <subfield code="a">89</subfield>
  </datafield>
  <datafield tag="082" ind1="0" ind2="4">
    <subfield code="a">658.7</subfield>
    <subfield code="b">Si43 2003</subfield>
  </datafield>
  <datafield tag="100" ind1="1" ind2=" ">
    <subfield code="a">Simchi-Levi, David.</subfield>
  </datafield>
  <datafield tag="245" ind1="1" ind2="0">
    <subfield code="a">Designing and managing the supply chain :</subfield>
    <subfield code="b">concepts, strategies &amp; case studies /</subfield>
    <subfield code="c">David Simchi-Levi, P. Kaminsky, Edith Simchi-Levi.</subfield>
  </datafield>
  <datafield tag="250" ind1=" " ind2=" ">
    <subfield code="a">2nd ed.</subfield>
  </datafield>
  <datafield tag="260" ind1=" " ind2=" ">
    <subfield code="a">Boston, Mass .:</subfield>
    <subfield code="b">McGraw-Hill,</subfield>
    <subfield code="c">2003.</subfield>
  </datafield>
  <datafield tag="300" ind1=" " ind2=" ">
    <subfield code="a">xxvii, 354 p. :</subfield>
    <subfield code="b">ill. ;</subfield>
    <subfield code="c">25 cm.</subfield>
    <subfield code="e">2CD.</subfield>
  </datafield>
  <datafield tag="440" ind1=" " ind2="0">
    <subfield code="a">McGraw-Hill/Irwin series in operations and decision sciences.</subfield>
  </datafield>
  <datafield tag="504" ind1=" " ind2=" ">
    <subfield code="a">Includes bibl. references and index.</subfield>
  </datafield>
  <datafield tag="650" ind1=" " ind2="4">
    <subfield code="a">Materials management.</subfield>
  </datafield>
  <datafield tag="650" ind1=" " ind2="4">
    <subfield code="a">Business logistics.</subfield>
  </datafield>
  <datafield tag="650" ind1=" " ind2="4">
    <subfield code="a">Management</subfield>
    <subfield code="v">Case studies.</subfield>
  </datafield>
  <datafield tag="700" ind1="1" ind2=" ">
    <subfield code="a">Kaminsky, Philip,</subfield>
    <subfield code="e">jt. auth.</subfield>
  </datafield>
  <datafield tag="700" ind1="1" ind2=" ">
    <subfield code="a">Simchi-Levi, Edith,</subfield>
    <subfield code="e">jt. auth.</subfield>
  </datafield>
  <datafield tag="999" ind1=" " ind2=" ">
    <subfield code="c">79</subfield>
    <subfield code="d">79</subfield>
  </datafield>
  <datafield tag="952" ind1=" " ind2=" ">
    <subfield code="0">0</subfield>
    <subfield code="1">0</subfield>
    <subfield code="2">DDC</subfield>
    <subfield code="4">0</subfield>
    <subfield code="7">0</subfield>
    <subfield code="a">KHOBAR</subfield>
    <subfield code="b">KHOBAR</subfield>
    <subfield code="d">2022-11-27</subfield>
    <subfield code="l">0</subfield>
    <subfield code="o">658.7 Si43 2003</subfield>
    <subfield code="p">1000000001440</subfield>
    <subfield code="r">2022-11-27 00:00:00</subfield>
    <subfield code="t">C1</subfield>
    <subfield code="w">2022-11-27</subfield>
    <subfield code="y">BK</subfield>
  </datafield>
  <datafield tag="952" ind1=" " ind2=" ">
    <subfield code="0">0</subfield>
    <subfield code="1">0</subfield>
    <subfield code="2">DDC</subfield>
    <subfield code="4">0</subfield>
    <subfield code="7">0</subfield>
    <subfield code="a">CENTRAL</subfield>
    <subfield code="b">CENTRAL</subfield>
    <subfield code="d">2022-11-27</subfield>
    <subfield code="l">0</subfield>
    <subfield code="o">658.7 Si43 2003</subfield>
    <subfield code="p">1000000001441</subfield>
    <subfield code="r">2022-11-27 00:00:00</subfield>
    <subfield code="t">C2</subfield>
    <subfield code="w">2022-11-27</subfield>
    <subfield code="y">BK</subfield>
  </datafield>
  <datafield tag="952" ind1=" " ind2=" ">
    <subfield code="0">0</subfield>
    <subfield code="1">0</subfield>
    <subfield code="2">DDC</subfield>
    <subfield code="4">0</subfield>
    <subfield code="7">0</subfield>
    <subfield code="a">CENTRAL</subfield>
    <subfield code="b">CENTRAL</subfield>
    <subfield code="d">2022-11-27</subfield>
    <subfield code="l">0</subfield>
    <subfield code="o">658.7 Si43 2003</subfield>
    <subfield code="p">1000000003917</subfield>
    <subfield code="r">2022-11-27 00:00:00</subfield>
    <subfield code="t">C3</subfield>
    <subfield code="w">2022-11-27</subfield>
    <subfield code="y">CD</subfield>
  </datafield>
  <datafield tag="952" ind1=" " ind2=" ">
    <subfield code="0">0</subfield>
    <subfield code="1">0</subfield>
    <subfield code="4">0</subfield>
    <subfield code="7">0</subfield>
    <subfield code="a">CENTRAL</subfield>
    <subfield code="b">CENTRAL</subfield>
    <subfield code="d">2022-11-27</subfield>
    <subfield code="l">0</subfield>
    <subfield code="o">658.7 Si43 2003</subfield>
    <subfield code="p">1000000003918</subfield>
    <subfield code="r">2022-11-27 00:00:00</subfield>
    <subfield code="t">C4</subfield>
    <subfield code="w">2022-11-27</subfield>
    <subfield code="y">CD</subfield>
  </datafield>
</record>
